00346nam a2200133Ia 4500008004100000041000800041082001200049100002000061245003500081250001400116260004400130300003100174365000700205240624s9999 xx 000 0 und d aeng a657 KAP aKAPLAN ROBERT S aADVANCED MANAGEMENT ACCOUNTING a(2nd ed.) c2003aNew DelhibPrentice-Hall of India axiv, : 817 : p. : cm. ; 23 cRS